000 00735nam a2200205Ii 4500
003 JO-AjNU
008 230605s9999||||xx |||||||||||||| ||und||
040 _aJO-AjNU
_bara
_erda
_cJO-AjNU
041 _aara
050 1 4 _aPJ7862.A9.Z865 1987
100 3 _aتأليف عوض،ريتا,
_eauthor
_918794
245 0 0 _aأعلام الشعر العربي الحديث: بدر شاكر السياب
250 _aط3
264 3 1 _aبغداد:المؤسسة العربية للدراسات والنشر،1987
300 _a71ص
336 _atext
_btxt
_2rdacontent
337 _aunmediated
_bn
_2rdamedia
338 _avolume
_bnc
_2rdacarrier
650 4 _a الشعر العربي - الشعراء العراقيون - تراجم
_918795
999 _aA6078
_c9646
_d9646